000 00608nam a2200169 a 4500
008 120416s1983 ||||||||||||||||| || u
020 _a0408013990
050 _aGB 1197.7 Hun
100 _aHunt, Bruce
245 1 0 _aMathematical analysis of groundwater resources
260 _aLondon
_bButterworths
_c1983
300 _avi, 271p. : ill.
350 _a0.00
500 _aBibliography.
650 _aGROUNDWATER FLOW--MATHEMATICS
995 _D0.00
_FCBU-MAIN LIBRARY (Kitwe)
_H1
_I29.50
_M1
_UAVAILABLE
_WFeb 22, 2007
_ZMain Library Open Access Collection
999 _c50642
_d50642